000 00319nam a22001457a 4500
008 210303b ||||| |||| 00| 0 eng d
020 _a9780323016285
041 _aeng
080 _25th
_a611
082 _a611
100 _a6
101 _aANA
245 _aAnatomy & Physiology
_cThibodeau, G. A
942 _2udc
_cBK
999 _c55664
_d55664